000 01101cam a2200169 4500500
005 20260329005449.0
041 _afre
042 _adc
100 1 0 _aÔishi, Naoki
_eauthor
245 0 0 _aEn hommage à Mathieu Tognidé
260 _c2015.
500 _a5
520 _aCet article est une traduction en langue française d’un extrait d’un texte publié par l’auteur en langue japonaise. IL interroge l’œuvre et la vie de l’écrivain Mori Ôgai, sur la question de la modernité venue d’Europe, qui s’exprime en particulier dans le mouvement d’émancipation féminine
520 _aThis article is a translation in French language of an extract of a text published by die author in Japanese language. The authors is studing the work and the life of the writer Mori Ogai, about the question of the modernity coming from Europe, which expresses itself particularely in the movement of feminine emancipation.
786 0 _nPsy Cause | 70 | 3 | 2015-01-22 | p. 32-32 | 1245-2394
856 4 1 _uhttps://shs.cairn.info/revue-psy-cause-2015-3-page-32?lang=fr&redirect-ssocas=7080
999 _c1843664
_d1843664